000
00266nam a22001097a 4500
082
_a
643.6 DAR'C
100
_a
DARR, JACK
_9
41665
245
_a
CARE AND REPAIR OF YEAR SMALL HOME APPLIANCES
260
_a
INDIANA
_b
E.E PUBLISHERS
_c
1965
300
_a
96P
942
_c
BK
999
_c
583329
_d
583329